<?xml version="1.0" encoding="UTF-8"?>
<marc:record xmlns:marc="http://www.loc.gov/MARC21/slim">
   <marc:leader>00000nam a2200000 a 4500</marc:leader>
   <marc:datafield ind1=" " ind2=" " tag="653">
      <marc:subfield code="a">Papierherstellung</marc:subfield>
   </marc:datafield>
   <marc:datafield ind1=" " ind2=" " tag="653">
      <marc:subfield code="a">Kindersachbuch</marc:subfield>
   </marc:datafield>
   <marc:datafield ind1="0" ind2="0" tag="245">
      <marc:subfield code="a">Dein Papier-Buch</marc:subfield>
   </marc:datafield>
   <marc:datafield ind1="0" ind2="0" tag="245">
      <marc:subfield code="b">entdecken, begreifen, selber machen</marc:subfield>
   </marc:datafield>
   <marc:datafield ind1="0" ind2="0" tag="245">
      <marc:subfield code="c">Landschaftsverband Rheinland (Hg.) ; Rheinisches Industriemuseum. [Text: Sabine Schachtner ...</marc:subfield>
   </marc:datafield>
   <marc:datafield ind1=" " ind2="1" tag="264">
      <marc:subfield code="a">Köln</marc:subfield>
      <marc:subfield code="b">Bachem</marc:subfield>
      <marc:subfield code="c">2006</marc:subfield>
   </marc:datafield>
   <marc:datafield ind1=" " ind2=" " tag="250">
      <marc:subfield code="a">1. Aufl.</marc:subfield>
   </marc:datafield>
   <marc:datafield ind1="1" ind2=" " tag="520">
      <marc:subfield code="a">Angaben aus der Verlagsmeldung

Dein Papierbuch : Entdecken, Begreifen, Selber machen / von Sabine Schachtner

Unser heutiger Alltag ohne Papier – das ist kaum vorstellbar: kein Buch, kein Toilettenpapier, keine Schachtel für Cornflakes, keine Kinokarte, kein Geldschein ...
Doch was genau hat es mit Papier eigentlich auf sich? Wer hat es erfunden? Wie wurde es früher hergestellt und wie sieht es in einer modernen Papierfabrik aus? Was ist Recyclingpapier? Und wofür genau wird Papier heute gebraucht?
Das reich bebilderte Buch gibt Kindern und Jugendlichen Antworten auf diese und viele andere Fragen. Und für alle, die selbst ausprobieren möchten, was man mit Papier alles machen kann, hält es tolle Bastelideen bereit: von Papierschöpfen bis Origami, mit kinderleichten Schritt-für-Schritt- Anleitungen.
</marc:subfield>
   </marc:datafield>
   <marc:datafield ind1=" " ind2=" " tag="020">
      <marc:subfield code="a">9783761620021</marc:subfield>
      <marc:subfield code="9">9783761620021</marc:subfield>
   </marc:datafield>
   <marc:datafield ind1=" " ind2=" " tag="020">
      <marc:subfield code="a">3761620020</marc:subfield>
      <marc:subfield code="9">3761620020</marc:subfield>
   </marc:datafield>
   <marc:datafield ind1=" " ind2=" " tag="041">
      <marc:subfield code="a">ger</marc:subfield>
   </marc:datafield>
   <marc:datafield ind1=" " ind2=" " tag="300">
      <marc:subfield code="a">59 S.</marc:subfield>
   </marc:datafield>
</marc:record>
